000 01174nam a2200301 i 4500
003 EG-GICUC
005 20260121101510.0
008 251216s1988 ua f |||| 00| 0 ara d
040 _a EG-GICUC
_bara
_c EG-GICUC
_d EG-GICUC
_erda
041 _aara
082 0 4 _221
_a343.411
_bا م . ش
092 0 4 _221
099 _aLaw1 10 343.411 ا م . ش 1988
100 0 _aآمال عثمان
_eمؤلف.
245 1 0 _aشرح قانون العقوبات الاقتصادي فى جرائم التموين /
_cامال عثمان.
264 1 _aالقاهرة :
_bدارالنهضة العربية ،
_c1988.
300 _a477 ؛ صفحة
_c24 سم.
336 _2rda content
_atext
337 _2rda media
_aComputer
338 _2rda carrier
_aOnline Resource
504 _aيشتمل علي ارجاعات ببليوجرافية.
546 _aالنص أغلبه باللغة العربية مع بعض النصوص الفرنسية
650 1 4 _aقانون العقوبات الإقتصادي
_xالقانون الجنائي
_2qrmak
651 1 _2qrmak
856 4 0 _uhttps://fll.law.cu.edu.eg/fulltext/bks/B10-06155.pdf
905 _a75
942 _2ddc
_cBK
_e21
_n0
999 _c50885
_d50885